000 00618nam a2200217 a 4500
001 BRCA_8133
005 20190320210139.0
008 110414s--------nyua###f##---#000-0#eng-#
041 _aeng
044 _anyu
050 4 _aN6512
_b.AN633
245 1 0 _aNew York Antique and Art Dealers Association
_bauthorized members.
260 _aNew York
_bEl dorado
_c[1954]
300 _a32 p.
_c16 cm.
500 _aY212
500 _aEjemplar igual a Y163
650 1 4 _aDirectorios
_vColeccionistas y colecciones
_920193
710 2 _aNew York Antique and Art Dealers Association
_920194
902 _aGFM
942 _2lcc
_cB
999 _c7801
_d7801